| 000 | 01166cam a2200277 a 4500 | ||
|---|---|---|---|
| 001 | 000006629 | ||
| 005 | 20200929153948.0 | ||
| 008 | 890725s1987 ck a b 001 0cspa | ||
| 040 |
_aDO-SdBNP _bspa _cLC _dBNPHU |
||
| 082 |
_aC866.3 _bI59e, 1987 |
||
| 110 | 2 |
_aInstituto Caro y Cuervo _918393 |
|
| 245 | 1 | 0 |
_aEpistolario de Rufino José Cuervo con Alfred Morel-Fatio, Gastón París y otros hispanistas de lengua francesa / _cedición, introducción y notas de Mario Germán Romero. |
| 260 |
_aBogotá : _bInstituto Caro y Cuervo, _c1987. |
||
| 300 |
_axii, 389 p. : _bil. ; _c24 cm. |
||
| 490 | 1 |
_aArchivo Epistolar Colombiano, _v19 |
|
| 600 | 1 | 0 |
_aCUERVO, RUFINO JOSÉ, _d1844-1911 _xCORRESPONDENCIA _918380 |
| 650 | 4 |
_aFilólogo _918398 |
|
| 650 | 4 |
_aAutores colombianos _ySIGLO XIX _xCorrespondencia _918381 |
|
| 650 | 4 |
_aAutores franceses _xCorespondencia, memorias, etc. _918399 |
|
| 700 | 1 |
_aMorel-Fatio, Alfred, _d1850-1924. _918400 |
|
| 700 | 1 |
_aParis, Gaston Bruno Paulin, _d1839-1903. _918401 |
|
| 700 | 1 |
_aRomero, Mario Germán, _eed. _918394 |
|
| 830 | 0 |
_aArchivo Epistolar Colombiano, _v19 _918385 |
|
| 910 | _aCatalogación por copia / LC | ||
| 049 | _aBNGR | ||
| 999 |
_c6419 _d6419 |
||